Terms and conditions of contract for land surveying services (Record no. 116234)
[ view plain ]
| 000 -LEADER | |
|---|---|
| fixed length control field | 01656cam a2200337 4500 |
| 001 - CONTROL NUMBER | |
| control field | L160119 |
| 008 - FIXED-LENGTH DATA ELEMENTS--GENERAL INFORMATION | |
| fixed length control field | 000000n2009 000 0 eng u |
| 020 ## - INTERNATIONAL STANDARD BOOK NUMBER | |
| International Standard Book Number | 9781842195499 |
| 035 ## - SYSTEM CONTROL NUMBER | |
| System control number | (Sirsi) u160119 |
| 041 0# - LANGUAGE CODE | |
| Language code of text/sound track or separate title | eng |
| 050 ## - LIBRARY OF CONGRESS CALL NUMBER | |
| Classification number | 331.2 |
| 110 ## - MAIN ENTRY--CORPORATE NAME | |
| Corporate name or jurisdiction name as entry element | Royal Institution of Chartered Surveyors |
| 9 (RLIN) | 4900 |
| 245 ## - TITLE STATEMENT | |
| Title | Terms and conditions of contract for land surveying services |
| Medium | [electronic resource] |
| Statement of responsibility, etc. | [archived] |
| 250 ## - EDITION STATEMENT | |
| Edition statement | 3rd ed. |
| 260 ## - PUBLICATION, DISTRIBUTION, ETC. | |
| Place of publication, distribution, etc. | London |
| Name of publisher, distributor, etc. | RICS |
| Date of publication, distribution, etc. | 2009 |
| 300 ## - PHYSICAL DESCRIPTION | |
| Extent | 20p. |
| Dimensions | 30cm. |
| 520 ## - SUMMARY, ETC. | |
| Summary, etc. | This document contains the main contractual terms and conditions necessary for survey contracts, with the primary intended users being small to medium sized projects. Professional land surveyors should give due consideration to contractual fitness for purpose, and should remember that some larger contracts may require more complex general contract documents. |
| 520 ## - SUMMARY, ETC. | |
| Summary, etc. | OUT OF PRINT ARCHIVED 23 DECEMBER 2016 |
| 520 ## - SUMMARY, ETC. | |
| Summary, etc. | Supersedes second edition (ISBN 1842190121). |
| 590 ## - LOCAL NOTE (RLIN) | |
| Local note | GEO |
| 650 ## - SUBJECT ADDED ENTRY--TOPICAL TERM | |
| Topical term or geographic name entry element | Contracts |
| 9 (RLIN) | 6232 |
| 650 ## - SUBJECT ADDED ENTRY--TOPICAL TERM | |
| Topical term or geographic name entry element | LAND SURVEYING |
| 650 ## - SUBJECT ADDED ENTRY--TOPICAL TERM | |
| Topical term or geographic name entry element | LAND SURVEYORS |
| 650 ## - SUBJECT ADDED ENTRY--TOPICAL TERM | |
| Topical term or geographic name entry element | CONDITIONS OF ENGAGEMENT |
| 650 ## - SUBJECT ADDED ENTRY--TOPICAL TERM | |
| Topical term or geographic name entry element | CONDITIONS OF CONTRACT |
| 651 #4 - SUBJECT ADDED ENTRY--GEOGRAPHIC NAME | |
| Geographic name | ENGLAND AND WALES |
| 690 ## - LOCAL SUBJECT ADDED ENTRY--TOPICAL TERM (OCLC, RLIN) | |
| Topical term or geographic name as entry element | Geomatics |
| 9 (RLIN) | 6242 |
| 856 40 - ELECTRONIC LOCATION AND ACCESS | |
| Uniform Resource Identifier | <a href="https://communities.rics.org/gf2.ti/f/200194/4265797.1/PDF/-/Terms_and_conditions_of_contract_for_land_surveying_services_3rd_ed_GN_2010.pdf">https://communities.rics.org/gf2.ti/f/200194/4265797.1/PDF/-/Terms_and_conditions_of_contract_for_land_surveying_services_3rd_ed_GN_2010.pdf</a> |
| Public note | View this archived item in myRICS community library |
| 856 40 - ELECTRONIC LOCATION AND ACCESS | |
| Uniform Resource Identifier | <a href="https://www.isurv.com/downloads/download/200/terms_and_conditions_of_contract_for_land_surveying_services_archived">https://www.isurv.com/downloads/download/200/terms_and_conditions_of_contract_for_land_surveying_services_archived</a> |
| Public note | archived on isurv (subscription required) |
| 942 ## - ADDED ENTRY ELEMENTS (KOHA) | |
| Suppress in OPAC | 0 |
| Source of classification or shelving scheme | Dewey Decimal Classification |
| Withdrawn status | Lost status | Source of classification or shelving scheme | Damaged status | Not for loan | Home library | Current library | Shelving location | Date acquired | Total Checkouts | Full call number | Barcode | Date last seen | Copy number | Price effective from | Koha item type |
|---|---|---|---|---|---|---|---|---|---|---|---|---|---|---|---|
| Dewey Decimal Classification | Virtual | Virtual | Online | 25/05/2018 | ONLINE PUBLICATION | 160119-2001 | 06/08/2019 | 1 | 06/08/2019 | Book |